000 00919cab a2200217 4500
001 ABS37213
008 090401t1987 xxu||||| |||| 00| 0 eng d
035 _a(Sirsi) u2918
041 _aeng
100 _aEden, N.
245 _aInterim rent assessment
260 _c1987
350 _a0
490 _aLaw Society`s Gazette
_v84(2) 14 January 1987, 108-116(4)
520 _aLists the main valuation points made in the latest case on interim rents , Charles Follett Ltd v Cabtell Investment Co Ltd ,ChD 30 June 1986,(see Abstract 37097). This case was of importance because the court made discounts from the substantive rent totalling 75% for the tenant. Includes a table summarising adjustments from substantive rents in 11 law cases over the last 16 years.
650 _aBUSINESS TENANCIES
650 _aLEASE RENEWAL
690 _aLANDLORD AND TENANT-BUSINESS TENANCIES
942 _n0
948 _c04/03/1997
999 _c1757
_d1757